Effect of coupled dissolution and redox reactions on Cr(VI)aq attenuation during transport in the sediments under hyperalkaline conditions /
Guardado en:
| Otros Autores: | , , , , |
|---|---|
| Formato: | Artículo |
| Lenguaje: | English |
| Materias: | |
| Etiquetas: |
Agregar Etiqueta
Sin Etiquetas, Sea el primero en etiquetar este registro!
|
| Thư viện lưu trữ: | Thư viện Trường Đại học Đà Lạt |
|---|
| LEADER | 01122nam a2200361 4500 | ||
|---|---|---|---|
| 001 | DLU090093954 | ||
| 005 | ##20091201 | ||
| 040 | # | # | |a DLU |b eng |
| 041 | # | # | |a eng |
| 044 | # | # | |a us |
| 245 | # | # | |a Effect of coupled dissolution and redox reactions on Cr(VI)aq attenuation during transport in the sediments under hyperalkaline conditions / |c Nikolla P. Qafoku ... [et al.]. |
| 653 | # | # | |a Dissolution |
| 653 | # | # | |a Geochemistry |
| 653 | # | # | |a Heavy metal |
| 653 | # | # | |a Minerals |
| 653 | # | # | |a Oxidation reduction |
| 653 | # | # | |a Sediments |
| 653 | # | # | |a Selfpurification |
| 700 | # | # | |a Ainsworth, Calvin C. |
| 700 | # | # | |a Heald, Steve M. |
| 700 | # | # | |a Qafoku, Nikolla P. |
| 700 | # | # | |a Qafoku, Odeta S. |
| 700 | # | # | |a Szecsody, James E. |
| 773 | # | # | |t Environmental Science & Technology |g Vol. 37, no. 16 (August 2003), p. 3640-3646 |
| 920 | # | # | |a Phòng Tạp chí -- Trung tâm Thông tin - Thư viện Trường Đại học Đà Lạt |
| 994 | # | # | |a DLU |
| 900 | # | # | |a True |
| 911 | # | # | |a Trương Bảo Trâm Anh |
| 925 | # | # | |a G |
| 926 | # | # | |a A |
| 927 | # | # | |a BB |
| 980 | # | # | |a Thư viện Trường Đại học Đà Lạt |